[Event "Konik Morski Rewala OPEN A"]
[Site "Rewal"]
[Date "2007.08.21"]
[Round "1.55"]
[White "Jozwicki, Jakub"]
[Black "Pacak, Mateusz"]
[Result "1-0"]
[WhiteElo "2178"]
[BlackElo "1885"]
[PlyCount "63"]
[EventDate "2007.??.??"]

1. e4 e6 2. d3 c5 3. Nf3 Nc6 4. g3 g6 5. Bg2 Bg7 6. O-O d6 7. c3 Nge7 8. Bg5 h6
9. Be3 O-O 10. Nbd2 e5 11. Ne1 Rb8 12. f4 f5 13. Nef3 b6 14. Qb3+ Kh7 15. Rae1
Ba6 16. c4 b5 17. Qa3 Qc8 18. fxe5 Nxe5 19. Nxe5 Bxe5 20. cxb5 Rxb5 21. Nc4 Nc6
22. exf5 gxf5 23. g4 Nb4 24. Rxf5 Rxf5 25. Be4 Kg7 26. Bxf5 Qd8 27. Nxe5 dxe5
28. Qc3 Qc7 29. Bf4 Nc6 30. Bxe5+ Nxe5 31. Rxe5 Kf7 32. Be6+ 1-0

[Event "Konik Morski Rewala OPEN A"]
[Site "Rewal"]
[Date "2007.08.21"]
[Round "1.56"]
[White "Walas, Aleksandra"]
[Black "Rawicz, Karol"]
[Result "1/2-1/2"]
[WhiteElo "1884"]
[BlackElo "2170"]
[PlyCount "63"]
[EventDate "2007.??.??"]

1. d4 Nf6 2. c4 c5 3. d5 d6 4. Nc3 g6 5. e4 Bg7 6. f4 O-O 7. Bd3 e6 8. Nf3 exd5
9. cxd5 Bg4 10. h3 Bxf3 11. Qxf3 Nbd7 12. O-O a6 13. a4 Rc8 14. a5 c4 15. Bc2
Re8 16. Be3 Nc5 17. Bxc5 Rxc5 18. Ra4 Rxa5 19. Rxc4 Qb6+ 20. Rf2 Qxb2 21. Ba4
Qa1+ 22. Rf1 Qa3 23. Bxe8 Nxe8 24. e5 Rc5 25. Rxc5 Qxc5+ 26. Kh1 Qc7 27. exd6
Qxd6 28. Re1 Nc7 29. Rd1 f5 30. Qe3 b5 31. Ne2 a5 32. Rc1 1/2-1/2

[Event "Konik Morski Rewala OPEN A"]
[Site "Rewal"]
[Date "2007.08.21"]
[Round "1.57"]
[White "Tsifanskaya, Ludmila A"]
[Black "Kowalska, Sara"]
[Result "1-0"]
[WhiteElo "2170"]
[BlackElo "1867"]
[PlyCount "107"]
[EventDate "2007.??.??"]

1. Nf3 Nf6 2. g3 d5 3. Bg2 e6 4. O-O Be7 5. d3 O-O 6. Nbd2 b6 7. e4 dxe4 8.
dxe4 Bb7 9. e5 Nd5 10. a3 b5 11. c4 bxc4 12. Nxc4 Nc6 13. Qc2 a5 14. Rd1 Qc8
15. Ne3 Rd8 16. Nxd5 Rxd5 17. Rxd5 exd5 18. h4 a4 19. Bg5 Qe6 20. Bxe7 Qxe7 21.
Ng5 g6 22. Bxd5 Nd4 23. Qc4 Bxd5 24. Qxd4 Bb7 25. Rd1 h6 26. Ne4 Bxe4 27. Qxe4
Rb8 28. Qd4 Rb5 29. Qd8+ Qxd8 30. Rxd8+ Kg7 31. Ra8 Rxb2 32. Rxa4 Rb5 33. Rc4
Rxe5 34. Rxc7 Re1+ 35. Kg2 Ra1 36. Ra7 h5 37. Kf3 Ra2 38. a4 Kf6 39. a5 Kg7 40.
a6 Kf6 41. Ra8 Kg7 42. Ke3 Kf6 43. Kd4 Rxf2 44. Kc5 Rb2 45. Rd8 Ra2 46. Kb6
Rb2+ 47. Ka7 Ra2 48. Rd5 Re2 49. Kb6 Rb2+ 50. Rb5 Re2 51. a7 Re6+ 52. Kb7 Re7+
53. Ka6 Re8 54. Rb8 1-0

[Event "Konik Morski Rewala OPEN A"]
[Site "Rewal"]
[Date "2007.08.21"]
[Round "1.58"]
[White "Krzywkowski, Marcin"]
[Black "Tokarski, Lukasz"]
[Result "0-1"]
[WhiteElo "1861"]
[BlackElo "2168"]
[PlyCount "52"]
[EventDate "2007.??.??"]

1. e4 c5 2. Nf3 e6 3. d4 cxd4 4. Nxd4 a6 5. Bd3 g6 6. Be3 Bg7 7. Qd2 Nc6 8. c3
Ne5 9. Be2 Nf6 10. f3 d5 11. exd5 Nxd5 12. Bg5 Qc7 13. Bh6 O-O 14. Bxg7 Kxg7
15. Na3 b5 16. O-O Bb7 17. c4 bxc4 18. f4 Nd3 19. Bxd3 cxd3 20. Rac1 Qb6 21.
Qxd3 Rfd8 22. Rc4 Rac8 23. Kh1 Qxb2 24. Nac2 Rxc4 25. Qxc4 Rc8 26. Qa4 Nxf4 0-1

[Event "Konik Morski Rewala OPEN A"]
[Site "Rewal"]
[Date "2007.08.21"]
[Round "1.59"]
[White "Slezak, Robert"]
[Black "Gorol, Magdalena"]
[Result "1-0"]
[WhiteElo "2167"]
[BlackElo "1834"]
[PlyCount "61"]
[EventDate "2007.??.??"]

1. e4 Nf6 2. Nc3 d5 3. exd5 Nxd5 4. Bc4 Nb6 5. Bb3 Nc6 6. Nf3 Bf5 7. d4 e6 8.
O-O Be7 9. Re1 O-O 10. Ne4 Nd5 11. Ng3 Bg6 12. c3 Qd7 13. Ba4 Bf6 14. Bg5 Bxg5
15. Nxg5 a6 16. h4 b5 17. Bc2 Bxc2 18. Qxc2 g6 19. h5 Qd8 20. N5e4 Nf4 21. Qd1
Qh4 22. Nd2 Rfe8 23. Qf3 Ne7 24. Nge4 f5 25. g3 fxe4 26. Nxe4 Qh3 27. Qxf4 Rf8
28. Qe5 Nd5 29. Ng5 Qxh5 30. Qxe6+ Kh8 31. Qxd5 1-0

[Event "Konik Morski Rewala OPEN A"]
[Site "Rewal"]
[Date "2007.08.22"]
[Round "2.8"]
[White "Sieciechowicz, Marcin"]
[Black "Gumula, Daniel"]
[Result "1-0"]
[WhiteElo "2214"]
[BlackElo "2387"]
[PlyCount "163"]
[EventDate "2007.??.??"]

1. d4 Nf6 2. c4 e6 3. Nc3 Bb4 4. f3 d5 5. a3 Bxc3+ 6. bxc3 c5 7. cxd5 Nxd5 8.
Qd3 b6 9. e4 Ba6 10. Qd2 Bxf1 11. Kxf1 Ne7 12. Ne2 Nbc6 13. Kf2 O-O 14. Rd1 Na5
15. Rb1 Qc7 16. Qg5 h6 17. Qg4 f5 18. Qh3 Qc6 19. Qh4 Rf7 20. Kg1 Raf8 21. e5
Nd5 22. Qg3 Nc4 23. Kh1 Kh7 24. h4 Qa4 25. Qe1 f4 26. dxc5 bxc5 27. Rxd5 exd5
28. e6 Rf5 29. Nxf4 Qc2 30. Rb7 Re5 31. Qg1 d4 32. g4 Rxf4 33. Bxf4 Rxe6 34.
cxd4 Qd3 35. Qb1 Re1+ 36. Qxe1 Qxf3+ 37. Kh2 Qxb7 38. dxc5 Qb2+ 39. Kh1 Qb7+
40. Kg1 Qd5 41. Qf2 Kg8 42. g5 hxg5 43. hxg5 Qe4 44. a4 Kh7 45. Kh2 Kg6 46. Kg3
Ne5 47. Qe3 Qxe3+ 48. Bxe3 Kf5 49. Bc1 g6 50. Bf4 Nc6 51. Kf3 Nd4+ 52. Ke3 Nc6
53. Bc7 a6 54. a5 Nb4 55. Kd4 Ke6 56. Ke4 Nc6 57. Bb6 Nb4 58. Bd8 Nc6 59. Bc7
Kd7 60. Bf4 Ke6 61. Bd2 Na7 62. Kd4 Nc6+ 63. Kc4 Ke5 64. Be1 Ke6 65. Bc3 Na7
66. c6 Kd6 67. c7 Nc8 68. Bb4+ Kxc7 69. Kd5 Na7 70. Ke6 Nc6 71. Bc3 Nd8+ 72.
Ke7 Kc8 73. Be1 Kc7 74. Bg3+ Kc8 75. Bf4 Nc6+ 76. Kf6 Kd7 77. Kxg6 Nd4 78. Kf7
Nc6 79. g6 Nd8+ 80. Kf6 Nc6 81. g7 Ne7 82. Kf7 1-0

[Event "Konik Morski Rewala OPEN A"]
[Site "Rewal"]
[Date "2007.08.22"]
[Round "2.9"]
[White "Walentukiewicz, Michal"]
[Black "Chojnacki, Krzysztof"]
[Result "0-1"]
[WhiteElo "2201"]
[BlackElo "2372"]
[PlyCount "96"]
[EventDate "2007.??.??"]

1. g3 Nf6 2. Bg2 g6 3. e4 d6 4. d4 Bg7 5. Nc3 O-O 6. Nge2 c6 7. O-O Qc7 8. h3
e5 9. Be3 b5 10. a3 Nbd7 11. d5 Nb6 12. dxc6 Qxc6 13. Bxb6 Qxb6 14. Qd3 Rb8 15.
Rfd1 Rd8 16. Nd5 Nxd5 17. Qxd5 Be6 18. Qd2 Rbc8 19. Nc3 a6 20. Kh2 Rc4 21. Qe2
Rdc8 22. h4 b4 23. axb4 Qxb4 24. Rdb1 Qb7 25. Bh3 f5 26. Qd3 d5 27. exd5 Bf7
28. d6 e4 29. Qe2 Rd8 30. Nd1 Rc6 31. Ne3 Rcxd6 32. Rd1 Bxb2 33. Rab1 Ba2 34.
Rxd6 Rxd6 35. Nc4 Qb5 36. Rxb2 Bxc4 37. Rxb5 Bxe2 38. Rb8+ Kf7 39. Rb7+ Kf6 40.
Rxh7 a5 41. c4 Bxc4 42. h5 gxh5 43. Rh6+ Ke5 44. Rxh5 Rf6 45. g4 a4 46. gxf5 a3
47. Rg5 a2 48. Rg1 Rb6 0-1

[Event "Konik Morski Rewala OPEN A"]
[Site "Rewal"]
[Date "2007.08.22"]
[Round "2.10"]
[White "Philippe, Christophe"]
[Black "Zgadzaj, Rafal"]
[Result "0-1"]
[WhiteElo "2368"]
[BlackElo "2212"]
[PlyCount "76"]
[EventDate "2007.??.??"]

1. e4 d6 2. d4 Nf6 3. Nc3 g6 4. Be3 Bg7 5. Qd2 O-O 6. Bh6 c5 7. Nf3 Bg4 8. Bxg7
Kxg7 9. d5 Qa5 10. h3 Bd7 11. e5 dxe5 12. Nxe5 Rd8 13. Ng4 Ng8 14. Be2 Nc6 15.
O-O Bxg4 16. Bxg4 e6 17. d6 Nf6 18. Rfe1 Nd4 19. b4 Qb6 20. Qg5 cxb4 21. Ne4
Nxe4 22. Rxe4 Qxd6 23. Rf4 f5 24. Rxd4 Qxd4 25. Qe7+ Kh8 26. Rd1 Qb6 27. Qf6+
Kg8 28. Rxd8+ Rxd8 29. Bf3 Rd2 30. Qe7 Qxf2+ 31. Kh1 Qf1+ 32. Kh2 Qxf3 33.
Qxe6+ Kg7 34. Qe7+ Kh6 35. Qh4+ Qh5 36. Qxb4 Qg5 37. Qxb7 Qf4+ 38. Kg1 Rd1# 0-1

[Event "Konik Morski Rewala OPEN A"]
[Site "Rewal"]
[Date "2007.08.22"]
[Round "2.11"]
[White "Brodowski, Piotr"]
[Black "Mazurkiewicz, Michal"]
[Result "1-0"]
[WhiteElo "2365"]
[BlackElo "2199"]
[PlyCount "41"]
[EventDate "2007.??.??"]

1. d4 g6 2. e4 Bg7 3. Nc3 c5 4. d5 d6 5. Bb5+ Nd7 6. a4 a6 7. Be2 Ngf6 8. Nf3
O-O 9. O-O b6 10. Nd2 Rb8 11. Nc4 Ne5 12. Nxe5 dxe5 13. f4 Nd7 14. f5 Qc7 15.
d6 exd6 16. Nd5 Qd8 17. f6 Nxf6 18. Bg5 Nxd5 19. Bxd8 Ne3 20. Qxd6 Rb7 21. Bxb6
1-0

[Event "Konik Morski Rewala OPEN A"]
[Site "Rewal"]
[Date "2007.08.22"]
[Round "2.12"]
[White "Kubit, Tomasz"]
[Black "Szwed, Jacek"]
[Result "1-0"]
[WhiteElo "2198"]
[BlackElo "2364"]
[PlyCount "81"]
[EventDate "2007.??.??"]

1. e4 c5 2. Nf3 a6 3. c4 e6 4. Nc3 Qc7 5. d4 cxd4 6. Nxd4 Nf6 7. Be2 b6 8. Be3
Bb7 9. Qd3 d6 10. Rd1 Nbd7 11. Nb3 Rc8 12. f4 Be7 13. O-O O-O 14. Nd2 Rfd8 15.
Bf3 Qb8 16. Qe2 Qa8 17. Bf2 Bc6 18. Rfe1 Bf8 19. e5 Bxf3 20. Nxf3 dxe5 21. fxe5
Ng4 22. Bh4 Bc5+ 23. Kh1 Nf8 24. Rxd8 Rxd8 25. h3 Ne3 26. Bxd8 Qxd8 27. Ne4 Nf5
28. g4 Nd4 29. Nxd4 Qxd4 30. Nxc5 bxc5 31. b3 h6 32. Qe3 Qb2 33. Qxc5 Ng6 34.
Qe3 Nh4 35. Re2 Qa1+ 36. Kh2 g5 37. c5 Qf1 38. Qf2 Qc1 39. Kg3 Qh1 40. Rd2 Qa8
41. Qf6 1-0

[Event "Konik Morski Rewala OPEN A"]
[Site "Rewal"]
[Date "2007.08.22"]
[Round "2.13"]
[White "Nester, Ihor"]
[Black "Stachanczyk, Jacek"]
[Result "1-0"]
[WhiteElo "2354"]
[BlackElo "2186"]
[PlyCount "109"]
[EventDate "2007.??.??"]

1. Nf3 Nf6 2. c4 g6 3. d4 Bg7 4. g3 O-O 5. Bg2 d6 6. Nc3 Nc6 7. O-O Bf5 8. d5
Na5 9. Nd4 Bd7 10. Qd3 c5 11. dxc6 Nxc6 12. Nxc6 Bxc6 13. e4 Nd7 14. Be3 Ne5
15. Qe2 Bd7 16. Nd5 Bg4 17. f3 Be6 18. Rac1 Re8 19. Rfd1 Rc8 20. b4 b6 21. h3
Qd7 22. f4 Nc6 23. Kh2 Nb8 24. Qd3 Qa4 25. Qb3 Qxb3 26. axb3 Nc6 27. b5 Na5 28.
Rd3 Bxd5 29. exd5 Rc7 30. Bf1 Rec8 31. Bd2 Bf6 32. h4 Ra8 33. Rf3 Rac8 34. Rc2
e6 35. Bh3 Re8 36. dxe6 fxe6 37. Rd3 d5 38. c5 Nb7 39. c6 Nc5 40. Rf3 Kf7 41.
b4 Ne4 42. Be1 Ra8 43. Bf1 Rd8 44. Ra3 d4 45. Rca2 Ra8 46. Ra6 Nc3 47. R2a3 Be7
48. Rb3 Bd6 49. Bc4 Kf6 50. Kg2 e5 51. fxe5+ Kxe5 52. Ra1 Nd5 53. Bd2 Ne3+ 54.
Bxe3 dxe3 55. Rd1 1-0

[Event "Konik Morski Rewala OPEN A"]
[Site "Rewal"]
[Date "2007.08.22"]
[Round "2.14"]
[White "Maryasin, Boris"]
[Black "Jozwicki, Jakub"]
[Result "1-0"]
[WhiteElo "2321"]
[BlackElo "2178"]
[PlyCount "83"]
[EventDate "2007.??.??"]

1. e4 c5 2. Nf3 e6 3. c3 Nf6 4. e5 Nd5 5. d4 cxd4 6. cxd4 d6 7. a3 Bd7 8. Nbd2
Bc6 9. Ne4 dxe5 10. Nxe5 Be7 11. Bd3 Nf6 12. Nxc6 Nxc6 13. Be3 Nd5 14. O-O O-O
15. b4 e5 16. Bb5 f5 17. Nc5 Bxc5 18. dxc5 Nxe3 19. fxe3 Kh8 20. Qxd8 Raxd8 21.
Rad1 g6 22. g4 a5 23. Bxc6 bxc6 24. Rxd8 Rxd8 25. gxf5 axb4 26. axb4 Rb8 27.
fxg6 Rxb4 28. Rf8+ Kg7 29. gxh7 Kxh7 30. Rf6 Rb2 31. Rxc6 Re2 32. Re6 Rxe3 33.
Kf2 Rc3 34. Rxe5 Kg6 35. h4 Kf6 36. Rh5 Kg6 37. Rd5 Kf6 38. h5 Ke6 39. Rg5 Kf7
40. Kg2 Kf6 41. Rg6+ Kf7 42. Rc6 1-0

[Event "Konik Morski Rewala OPEN A"]
[Site "Rewal"]
[Date "2007.08.22"]
[Round "2.15"]
[White "Wozniak, Maciej"]
[Black "Zierke, Oliver"]
[Result "0-1"]
[WhiteElo "2180"]
[BlackElo "2302"]
[PlyCount "44"]
[EventDate "2007.??.??"]

1. e4 c5 2. d3 Nc6 3. g3 d5 4. Nd2 Nf6 5. Bg2 e5 6. Ngf3 Be7 7. O-O O-O 8. exd5
Nxd5 9. Nc4 f6 10. a4 Bg4 11. c3 Qd7 12. Re1 Rfd8 13. Qb3 Kh8 14. Nfd2 Be6 15.
a5 Rab8 16. Qa4 Bh3 17. Bh1 Nf4 18. Ne4 Nxd3 19. Rd1 b5 20. axb6 axb6 21. Nxf6
Bxf6 22. Qxc6 Nf4 0-1

[Event "Konik Morski Rewala OPEN A"]
[Site "Rewal"]
[Date "2007.08.22"]
[Round "2.16"]
[White "Tokarski, Lukasz"]
[Black "Majdan, Joanna"]
[Result "1-0"]
[WhiteElo "2168"]
[BlackElo "2296"]
[PlyCount "79"]
[EventDate "2007.??.??"]

1. e4 c5 2. Nf3 Nc6 3. d4 cxd4 4. Nxd4 e6 5. Nc3 d6 6. Be3 Nf6 7. f3 Be7 8. Qd2
O-O 9. O-O-O Nxd4 10. Bxd4 e5 11. Be3 Be6 12. Kb1 Qc7 13. g4 Rfc8 14. Nd5 Bxd5
15. exd5 Nd7 16. h4 a5 17. Bd3 a4 18. a3 Qa5 19. Qe2 Nc5 20. Bf5 Rc7 21. h5 Bf8
22. g5 g6 23. Be4 Rac8 24. Rh4 Qa6 25. Qxa6 bxa6 26. hxg6 Nxe4 27. gxh7+ Kh8
28. fxe4 Rxc2 29. Rf1 Re2 30. Rh3 Rb8 31. Bc1 Rxe4 32. Rxf7 Re1 33. Kc2 Rc8+
34. Rc3 Rxc3+ 35. bxc3 Bg7 36. Bd2 Rg1 37. Rd7 Kxh7 38. Rxd6 a5 39. Re6 Rf1 40.
d6 1-0

[Event "Konik Morski Rewala OPEN A"]
[Site "Rewal"]
[Date "2007.08.22"]
[Round "2.17"]
[White "Nguyen, Piotr"]
[Black "Tsifanskaya, Ludmila A"]
[Result "1-0"]
[WhiteElo "2283"]
[BlackElo "2170"]
[PlyCount "85"]
[EventDate "2007.??.??"]

1. c4 Nf6 2. Nc3 g6 3. Nf3 Bg7 4. d4 O-O 5. Bf4 d6 6. e3 Nh5 7. Bg5 h6 8. Bh4
g5 9. Nd2 Nf6 10. Bg3 c5 11. d5 Na6 12. Bd3 Nc7 13. O-O Rb8 14. a4 b6 15. Bb1
Bg4 16. f3 Bh5 17. h4 a6 18. e4 Bg6 19. Bh2 Nh5 20. hxg5 hxg5 21. e5 Bxe5 22.
Bxe5 dxe5 23. Bxg6 fxg6 24. Qc2 e6 25. Qxg6+ Ng7 26. Nce4 Qe8 27. Nf6+ Rxf6 28.
Qxf6 exd5 29. cxd5 Qf7 30. Qxg5 Nxd5 31. Qxe5 Nc7 32. Ne4 Rf8 33. a5 b5 34.
Qxc5 Nce6 35. Qd6 Nf4 36. Rad1 Nge6 37. Rd2 Rd8 38. Qxd8+ Nxd8 39. Rxd8+ Kg7
40. Rfd1 Qa7+ 41. Kh2 Qe3 42. R1d7+ Kg6 43. Rd6+ 1-0

[Event "Konik Morski Rewala OPEN A"]
[Site "Rewal"]
[Date "2007.08.22"]
[Round "2.18"]
[White "Jagodzinski, Piotr"]
[Black "Swiercz, Dariusz"]
[Result "1/2-1/2"]
[WhiteElo "2120"]
[BlackElo "2281"]
[PlyCount "89"]
[EventDate "2007.??.??"]

1. e4 c5 2. Nf3 e6 3. Nc3 a6 4. Be2 b5 5. O-O Bb7 6. d3 Nc6 7. Re1 d6 8. Bg5
Nf6 9. a4 b4 10. Nb1 Be7 11. Nbd2 h6 12. Bh4 g5 13. Bg3 g4 14. e5 Nd7 15. exd6
Bf6 16. Nc4 gxf3 17. Bxf3 O-O 18. Be4 Bg7 19. f4 Rb8 20. f5 exf5 21. Bxf5 Nd4
22. Bh3 b3 23. c3 Nc2 24. Re7 Nf6 25. Rc1 Nd5 26. Qe2 Re8 27. Rxe8+ Qxe8 28.
Qxe8+ Rxe8 29. d7 Rd8 30. Na5 Ba8 31. Nxb3 Nce3 32. Nxc5 f5 33. c4 f4 34. cxd5
fxg3 35. Ne6 Rxd7 36. Rc8+ Kh7 37. Nf8+ Bxf8 38. Bxd7 gxh2+ 39. Kh1 Bd6 40.
Rxa8 Nd1 41. g3 Bxg3 42. Rf8 Kg7 43. Rf1 Nf2+ 44. Rxf2 Bxf2 45. a5 1/2-1/2

[Event "Konik Morski Rewala OPEN A"]
[Site "Rewal"]
[Date "2007.08.22"]
[Round "2.19"]
[White "Toma, Katarzyna"]
[Black "Slezak, Robert"]
[Result "1-0"]
[WhiteElo "2275"]
[BlackElo "2167"]
[PlyCount "85"]
[EventDate "2007.??.??"]

1. e4 c5 2. Nc3 Nc6 3. Nf3 d6 4. d4 cxd4 5. Nxd4 e5 6. Nf5 Nf6 7. Bg5 Bxf5 8.
exf5 Nd4 9. Bxf6 Qxf6 10. g4 Rc8 11. Bg2 h5 12. Bxb7 Rb8 13. Nd5 Qd8 14. Qxd4
Qa5+ 15. Qd2 Qxd2+ 16. Kxd2 Rxb7 17. g5 Be7 18. h4 Kd7 19. b3 Rc8 20. c4 Bd8
21. Rhd1 Bb6 22. Nxb6+ Rxb6 23. Kc3 g6 24. f6 Ke6 25. f4 exf4 26. Rd4 Rb5 27.
Rxf4 Re5 28. Rd1 Rc6 29. Rdd4 Ra6 30. a4 Raa5 31. Rde4 Ra6 32. Kd4 Raa5 33. Re3
Kd7 34. Rfe4 Ke6 35. b4 Rxa4 36. Rxe5+ dxe5+ 37. Rxe5+ Kd6 38. Rd5+ Kc7 39. b5
Ra3 40. Re5 Rh3 41. Kc5 Rxh4 42. Re7+ Kb8 43. Rxf7 1-0

[Event "Konik Morski Rewala OPEN A"]
[Site "Rewal"]
[Date "2007.08.22"]
[Round "2.20"]
[White "Witek, Tomasz"]
[Black "Bronowicki, Mateusz"]
[Result "1/2-1/2"]
[WhiteElo "2105"]
[BlackElo "2274"]
[PlyCount "30"]
[EventDate "2007.??.??"]

1. d4 e6 2. c4 b6 3. e4 Bb7 4. Nc3 Bb4 5. f3 d5 6. Qa4+ Nc6 7. cxd5 exd5 8. Bb5
Bxc3+ 9. bxc3 Nge7 10. Ne2 O-O 11. O-O Na5 12. Bd3 c5 13. Ba3 Qc7 14. Rad1 Rfe8
15. e5 Bc6 1/2-1/2

[Event "Konik Morski Rewala OPEN A"]
[Site "Rewal"]
[Date "2007.08.22"]
[Round "2.21"]
[White "Panocki, Adrian"]
[Black "Bebel, Arkadiusz"]
[Result "1/2-1/2"]
[WhiteElo "2273"]
[BlackElo "2142"]
[PlyCount "61"]
[EventDate "2007.??.??"]

1. e4 c5 2. Nf3 e6 3. d4 cxd4 4. Nxd4 Nf6 5. Nc3 d6 6. g4 e5 7. Bb5+ Bd7 8.
Bxd7+ Qxd7 9. Nf5 h5 10. gxh5 Rxh5 11. Ng3 Rh3 12. Bg5 Ng4 13. Qf3 Nxh2 14. Qg2
Qg4 15. Rxh2 Rxh2 16. Qxh2 Qxg5 17. Nd5 Na6 18. Qh3 Rd8 19. Rd1 Rd7 20. Nf5 Nc7
21. Qh8 Nxd5 22. Rxd5 Qg1+ 23. Ke2 Qg4+ 24. f3 Qg2+ 25. Ke3 Qg1+ 26. Kd2 Qg2+
27. Kc1 Qg5+ 28. Kd1 Qg1+ 29. Kd2 Qg2+ 30. Ke3 Qg1+ 31. Kd2 1/2-1/2

[Event "Konik Morski Rewala OPEN A"]
[Site "Rewal"]
[Date "2007.08.22"]
[Round "2.22"]
[White "Zurkowski, Andrzej"]
[Black "Kalvaitis, Sigitas"]
[Result "1/2-1/2"]
[WhiteElo "2015"]
[BlackElo "2267"]
[PlyCount "129"]
[EventDate "2007.??.??"]

1. d4 e6 2. c4 Nf6 3. Nc3 d5 4. Bg5 Be7 5. e3 O-O 6. cxd5 exd5 7. Bd3 Nbd7 8.
Nf3 Re8 9. O-O c6 10. Qc2 Nf8 11. Ne5 Ng4 12. Bxe7 Qxe7 13. Nxg4 Bxg4 14. Rfe1
Qg5 15. Kh1 Ng6 16. f3 Bd7 17. Qf2 Bf5 18. e4 Nf4 19. Bc2 dxe4 20. fxe4 Bg6 21.
Rf1 Nh5 22. e5 Bxc2 23. Qxc2 Re6 24. Ne4 Qe3 25. Rad1 Rd8 26. Rf3 Qh6 27. Qf2
Rxe5 28. Re1 Ree8 29. Qh4 Rxd4 30. Nf6+ Nxf6 31. Rxe8+ Nxe8 32. Qxd4 Qc1+ 33.
Qg1 Qxb2 34. Qe1 Nf6 35. Rf2 Qb5 36. h3 Qc5 37. Re2 h5 38. Re5 Qc4 39. Qf2 b5
40. Qxa7 Qc1+ 41. Qg1 Qb2 42. Rc5 Qxa2 43. Rxc6 Ne4 44. Qc1 g6 45. Rc2 Qd5 46.
Rc8+ Kh7 47. Qa1 Kh6 48. h4 Qd1+ 49. Qxd1 Nf2+ 50. Kh2 Nxd1 51. Rc1 Ne3 52. Rb1
Nf5 53. g3 Kg7 54. Rxb5 Kf6 55. Kg2 Ke6 56. Ra5 Ne3+ 57. Kf3 Ng4 58. Kf4 Kf6
59. Ra6+ Kg7 60. Rb6 Kf8 61. Kg5 Kg7 62. Rb7 Nf2 63. Kf4 Nd3+ 64. Ke3 Ne5 65.
Ra7 1/2-1/2

[Event "Konik Morski Rewala OPEN A"]
[Site "Rewal"]
[Date "2007.08.22"]
[Round "2.23"]
[White "Galazewski, Tomasz"]
[Black "Jensen, Christine"]
[Result "1-0"]
[WhiteElo "2259"]
[BlackElo "2018"]
[PlyCount "97"]
[EventDate "2007.??.??"]

1. e4 c5 2. Nf3 e6 3. d4 cxd4 4. Nxd4 Nc6 5. Nb5 a6 6. Nd6+ Bxd6 7. Qxd6 Qe7 8.
Qg3 Qf6 9. Nc3 Nge7 10. Bd3 h6 11. Bf4 e5 12. Be3 O-O 13. O-O b5 14. f4 exf4
15. Bxf4 Qd4+ 16. Kh1 Ng6 17. Bd6 Rd8 18. Nd5 Nce5 19. Bc7 Bb7 20. Bb6 Qxb2 21.
Rfb1 Qa3 22. Rb3 Qf8 23. Bxd8 Qxd8 24. a4 Bxd5 25. exd5 Qa5 26. Bxg6 Nxg6 27.
Qc3 b4 28. Qxb4 Qxd5 29. Qb7 Qxb7 30. Rxb7 Rc8 31. Ra2 Ne5 32. Rb6 a5 33. Rb5
Nc6 34. c3 Re8 35. Kg1 Re3 36. Rc5 f6 37. Kf2 Re4 38. Rd5 Rc4 39. Ra3 Ne5 40.
Rxa5 g5 41. Ra8+ Kf7 42. a5 Ng4+ 43. Ke2 Re4+ 44. Kd3 d5 45. a6 Ne5+ 46. Kc2
Nc4 47. Ra2 Ne3+ 48. Kb3 Re6 49. Rb8 1-0

[Event "Konik Morski Rewala OPEN A"]
[Site "Rewal"]
[Date "2007.08.22"]
[Round "2.24"]
[White "Latocha, Aleksander"]
[Black "Kukawski, Maciej"]
[Result "1/2-1/2"]
[WhiteElo "1817"]
[BlackElo "2251"]
[PlyCount "112"]
[EventDate "2007.??.??"]

1. e4 c5 2. Nf3 e6 3. d4 cxd4 4. Nxd4 Nf6 5. Bd3 Nc6 6. Nb3 d5 7. exd5 Nxd5 8.
O-O Bd6 9. Qg4 O-O 10. Bg5 Qc7 11. Qh4 f5 12. Bd2 Rf6 13. f4 Rh6 14. Qf2 a6 15.
a3 b5 16. Nc3 Nf6 17. h3 Bb7 18. Nc5 Bxc5 19. Qxc5 Rg6 20. Rf2 Nd7 21. Qe3 Rf8
22. a4 b4 23. Ne2 a5 24. c3 bxc3 25. Nxc3 Nb4 26. Rc1 Qc6 27. Bf1 Nd5 28. Nxd5
Qxd5 29. Qd3 Ra8 30. Qxd5 Bxd5 31. Bb5 Nf6 32. Bc6 Bxc6 33. Rxc6 Ne4 34. Re2 h5
35. Be1 Rf6 36. Rec2 Rff8 37. Rxe6 Rfd8 38. Rc1 Rd4 39. Re7 Ra6 40. Re5 Nd6 41.
Rxa5 Rxa5 42. Bxa5 Rxa4 43. Bc7 Nb5 44. Rc5 Nxc7 45. Rxc7 Rb4 46. Rc2 Rxf4 47.
Rf2 Rb4 48. Rxf5 Rxb2 49. Rxh5 Kf7 50. Ra5 Kg6 51. Kh2 Kf6 52. h4 g6 53. Kh3
Kg7 54. g3 Rb7 55. g4 Rc7 56. Re5 Ra7 1/2-1/2

[Event "Konik Morski Rewala OPEN A"]
[Site "Rewal"]
[Date "2007.08.22"]
[Round "2.25"]
[White "Schebler, Gerhard"]
[Black "Wandzik, Wojciech"]
[Result "1-0"]
[WhiteElo "2496"]
[BlackElo "2009"]
[PlyCount "41"]
[EventDate "2007.??.??"]

1. d4 d5 2. c4 e6 3. Nf3 Nf6 4. g3 Be7 5. Bg2 O-O 6. O-O Nbd7 7. Qc2 b6 8. cxd5
exd5 9. Qc6 Ba6 10. Nc3 Re8 11. Bf4 Rc8 12. Qa4 Nb8 13. Bh3 Bd6 14. Bxd6 Qxd6
15. Bxc8 Bxc8 16. Qxa7 Bh3 17. Rfd1 Ne4 18. Rac1 c6 19. Ne5 Qf6 20. Nxe4 dxe4
21. Qxb6 1-0

[Event "Konik Morski Rewala OPEN A"]
[Site "Rewal"]
[Date "2007.08.22"]
[Round "2.26"]
[White "Andrenko, Irina"]
[Black "Koziak, Vitali"]
[Result "0-1"]
[WhiteElo "2108"]
[BlackElo "2441"]
[PlyCount "88"]
[EventDate "2007.??.??"]

1. e4 d6 2. d4 Nf6 3. Nc3 g6 4. Bg5 Bg7 5. Qd2 h6 6. Bh4 g5 7. Bg3 Nh5 8. Bb5+
c6 9. Be2 Nxg3 10. hxg3 Nd7 11. f4 c5 12. d5 Qa5 13. Nd1 Qxd2+ 14. Kxd2 Nf6 15.
Nf2 e6 16. c4 exd5 17. exd5 b5 18. Nf3 g4 19. Nh2 bxc4 20. Bxc4 O-O 21. Nf1 Rb8
22. Rb1 Bf5 23. Bd3 Bxd3 24. Kxd3 c4+ 25. Kxc4 Rfc8+ 26. Kd3 Nxd5 27. Nxg4 Nb4+
28. Ke4 Nxa2 29. Rd1 Re8+ 30. Kf3 Rb3+ 31. Kf2 Rxb2+ 32. Kf3 Rb3+ 33. Nge3 Nb4
34. Kf2 Nd3+ 35. Ke2 Nc5 36. Rxd6 Ne4 37. Rhxh6 Nxd6 38. Rxd6 a5 39. Rd3 Rxd3
40. Kxd3 a4 41. Nc4 Ra8 42. Na3 Bb2 43. Nc4 a3 44. Nxb2 a2 0-1

[Event "Konik Morski Rewala OPEN A"]
[Site "Rewal"]
[Date "2007.08.22"]
[Round "2.27"]
[White "Malinin, Vasily B"]
[Black "Dudys, Jakub"]
[Result "1-0"]
[WhiteElo "2375"]
[BlackElo "2162"]
[PlyCount "159"]
[EventDate "2007.??.??"]

1. e4 c5 2. Nf3 e6 3. d4 cxd4 4. Nxd4 a6 5. g3 Nf6 6. Bg2 Qc7 7. O-O Nc6 8. Be3
Ne5 9. h3 Bc5 10. Nd2 d6 11. f4 Nc6 12. c3 O-O 13. Qe2 Bd7 14. g4 Nxd4 15. cxd4
Bb5 16. Nc4 d5 17. b3 Ba3 18. g5 Nxe4 19. Bxe4 dxe4 20. Qc2 Rac8 21. Qxe4 Bxc4
22. bxc4 Qxc4 23. Qxb7 Rb8 24. Qe4 Rb5 25. Rf2 Rc8 26. h4 Qc6 27. Qd3 Qc3 28.
Rd1 Qxd3 29. Rxd3 Bd6 30. Kg2 Kf8 31. Kf3 Ke7 32. Ke4 Rc4 33. Rfd2 Rb7 34. h5
g6 35. Rh2 Bb4 36. Rb2 Rd7 37. Rbb3 Bc5 38. Rd2 a5 39. Rb8 gxh5 40. Rc8 Rd5 41.
Rc7+ Kf8 42. Kf3 Rcxd4 43. Bxd4 Rxd4 44. Rxd4 Bxd4 45. Kg3 Kg7 46. Rc4 Be3 47.
Re4 Bd2 48. Rd4 Bb4 49. Rd8 Bc3 50. a4 Kg6 51. Rc8 Bd4 52. Kf3 h6 53. Ke4 Bf2
54. gxh6 Kxh6 55. Rg8 Be1 56. f5 exf5+ 57. Kxf5 h4 58. Rh8+ Kg7 59. Rh5 Bg3 60.
Kg4 Be1 61. Re5 Bc3 62. Rc5 Be1 63. Rc6 Kh7 64. Rc1 Bg3 65. Rc5 Be1 66. Re5 Bc3
67. Rh5+ Kg6 68. Rxh4 f5+ 69. Kf4 Bd2+ 70. Kf3 Kg5 71. Rh8 Bb4 72. Rg8+ Kf6 73.
Rb8 Ke5 74. Rb5+ Kf6 75. Ke3 Ke6 76. Kd4 Kf6 77. Rxb4 axb4 78. a5 b3 79. Kc3 f4
80. a6 1-0

[Event "Konik Morski Rewala OPEN A"]
[Site "Rewal"]
[Date "2007.08.22"]
[Round "2.28"]
[White "Kopisch, Martin"]
[Black "Skalski, Michal"]
[Result "0-1"]
[WhiteElo "2154"]
[BlackElo "2330"]
[PlyCount "128"]
[EventDate "2007.??.??"]

1. d4 g6 2. Nf3 Bg7 3. c4 c5 4. Nc3 cxd4 5. Nxd4 Nc6 6. Nc2 d6 7. e4 Nf6 8. Be2
O-O 9. Be3 Nd7 10. Qd2 Nc5 11. f3 a5 12. O-O a4 13. Rab1 Qa5 14. Nd5 f5 15.
Qxa5 Rxa5 16. Bd2 Ra7 17. Be3 Ra5 18. Bd2 Ra8 19. Ncb4 Bd7 20. exf5 gxf5 21.
Be3 Nd4 22. Bd1 e6 23. Nb6 Rad8 24. Nc2 Nc6 25. Na3 Bd4 26. Bxd4 Nxd4 27. Nc2
Nc6 28. Re1 e5 29. Be2 f4 30. Nxd7 Rxd7 31. Rbd1 Kf7 32. Rd2 Ne6 33. Bd3 Kf6
34. Be4 Rc8 35. Bd5 h5 36. Red1 Ke7 37. h3 Na5 38. Na3 Nd4 39. Rxd4 exd4 40.
Rxd4 Rf8 41. Re4+ Kd8 42. Nb5 Rf6 43. Nd4 Re7 44. b4 axb3 45. axb3 Rxe4 46.
fxe4 Kd7 47. Kf2 Nc6 48. Bxc6+ bxc6 49. Kf3 c5 50. Nf5 Rg6 51. Nh4 Rg3+ 52.
Kxf4 Rxb3 53. Nf5 Rc3 54. Ne3 Ke6 55. g4 h4 56. g5 Ra3 57. g6 Kf6 58. g7 Kxg7
59. Nf5+ Kf6 60. Nxh4 Rxh3 61. Nf5 Ke6 62. Ng7+ Kd7 63. Nf5 Rc3 64. Ne3 Ke6 0-1